Quelques aspects historiques, économiques et juridiques de l'Union Economique Benelux
Guardat en:
| Autor corporatiu: | |
|---|---|
| Format: | Text |
| Publicat: |
s.l.:
UEB
|
| Etiquetes: |
Afegir etiqueta
Sense etiquetes, Sigues el primer a etiquetar aquest registre!
|
MARC
| LEADER | 00000 a a2200000 04500 | ||
|---|---|---|---|
| 001 | 23509 | ||
| 003 | |||
| 040 | |||
| 090 | |a 163300 | ||
| 110 | |a Union Economique Benelux | ||
| 245 | |a Quelques aspects historiques, économiques et juridiques de l'Union Economique Benelux | ||
| 260 | |a s.l.: |b UEB | ||
| 300 | |a 8 p. |b **no definido** | ||
| 999 | |c 5153 |d 5153 | ||
